|
|
|
|
| LEADER |
00000nam0a2200000 4500 |
| 001 |
214185 |
| 005 |
20231101225852.0 |
| 010 |
|
|
|a 9785769585012
|
| 035 |
|
|
|a (RuTPU)RU\TPU\book\234042
|
| 035 |
|
|
|a RU\TPU\book\111146
|
| 035 |
|
|
|a RU\TPU\book\185213
|
| 090 |
|
|
|a 214185
|
| 100 |
|
|
|a 20061012d2012 m y0rusy50 ca
|
| 101 |
0 |
|
|a rus
|
| 102 |
|
|
|a RU
|
| 105 |
|
|
|a a j 001zy
|
| 200 |
1 |
|
|a Концепции современного естествознания для социально - экономических направлений
|e учебное пособие
|f Т. Я. Дубнищева
|
| 205 |
|
|
|a 11-е изд., испр. и доп.
|
| 210 |
|
|
|a Москва
|c Академия
|d 2012
|
| 215 |
|
|
|a 608 с.
|c ил.
|
| 225 |
1 |
|
|a Высшее профессиональное образование. Бакалавриат
|
| 320 |
|
|
|a Список литературы: с. 602.
|
| 330 |
|
|
|a Учебное пособие создано в соответствии с Федеральным государственным образовательным стандартом по направлениям подготовки «Социальные науки», «Экономика и управление» (квалификация «бакалавриат»). В пособии через научные картины мира и программы гармонично согласованы вопросы истории науки и культуры с вопросами развития естественных наук. При изложении материала использованы системный подход, идеи синергетики и глобального эволюционизма, что способствует формированию целостного мировоззрения. Основные понятия, концепции и законы даны в развитии, показана независимость процесса познания, дающая навыки самостоятельных суждений и способствующая развитию ассоциативного мышления и формированию творческой личности. Ранее (10-е изд. — 2011 г.) учебное пособие выходило под названием «Концепции современного естествознания». Для студентов учреждений высшего профессионального образования.
|
| 606 |
1 |
|
|a Естествознание
|x Концептуальные основы
|2 stltpush
|3 (RuTPU)RU\TPU\subj\67376
|9 83201
|
| 610 |
1 |
|
|a естественные науки
|
| 610 |
1 |
|
|a логика познания
|
| 610 |
1 |
|
|a методология
|
| 610 |
1 |
|
|a пространство
|
| 610 |
1 |
|
|a время
|
| 610 |
1 |
|
|a материя
|
| 610 |
1 |
|
|a фундаментальные взаимодействия
|
| 610 |
1 |
|
|a мироздание
|
| 610 |
1 |
|
|a классическая механистическая парадигма
|
| 610 |
1 |
|
|a классическая термодинамика
|
| 610 |
1 |
|
|a статистическая механика
|
| 610 |
1 |
|
|a материя
|
| 610 |
1 |
|
|a корпускулярно-волновой дуализм
|
| 610 |
1 |
|
|a микромир
|
| 610 |
1 |
|
|a макромир
|
| 610 |
1 |
|
|a вещество
|
| 610 |
1 |
|
|a методы управления
|
| 610 |
1 |
|
|a звезды
|
| 610 |
1 |
|
|a зарождение
|
| 610 |
1 |
|
|a планеты
|
| 610 |
1 |
|
|a живая материя
|
| 610 |
1 |
|
|a молекулярный уровень
|
| 610 |
1 |
|
|a жизнь
|
| 610 |
1 |
|
|a онтогенетический уровень
|
| 610 |
1 |
|
|a эволюционная биология
|
| 610 |
1 |
|
|a сложные системы
|
| 610 |
1 |
|
|a самоорганизация
|
| 610 |
1 |
|
|a учебные пособия
|
| 675 |
|
|
|a 50(075.8)
|v 3
|
| 700 |
|
1 |
|a Дубнищева
|b Т. Я.
|g Татьяна Яковлевна
|
| 801 |
|
1 |
|a RU
|b 63413507
|c 20120420
|
| 801 |
|
2 |
|a RU
|b 63413507
|c 20150420
|g RCR
|
| 900 |
|
|
|a Концепции современного естествознания
|
| 942 |
|
|
|c BK
|
| 955 |
|
|
|b 080100
|
| 959 |
|
|
|a 64/20120420
|d 2
|e 410,30
|f ЧЗТЛ:1
|f АНЛ:1
|